| 000 | 00907cam a2200253 a 4500 | ||
|---|---|---|---|
| 001 | 3325002 | ||
| 003 | NUST - PNEC | ||
| 005 | 20170116181109.0 | ||
| 008 | 850919s1984 enka b 000 0 eng | ||
| 010 | _a 84202876 | ||
| 020 | _a0906085934 (pbk.) | ||
| 040 |
_aDLC _cLIBRARY _dDLC _dOCoLC |
||
| 050 | 0 | 0 |
_aTD427.H4 _bM55 1984 |
| 082 | 0 | 0 |
_a628.16831 MIL _219 |
| 100 | 1 | _aMiller, Donald S. | |
| 245 | 1 | 0 |
_aThermal discharges : _ba guide to power and process plant cooling water discharges into rivers, lakes, and seas / _cD.S. Miller and B.A. Brighouse. |
| 260 |
_a[Cranfield, Bedford?] : _bBritish Hydromechanics Research Association, _c1984. |
||
| 300 |
_aiii, 221 p. : _bill. ; _c30 cm. |
||
| 504 | _aBibliography: p. 176-188. | ||
| 650 |
_xME _912809 _bMechanical engineering |
||
| 700 | 1 |
_aBrighouse, B. A. _q(Barbara A.) |
|
| 906 |
_a7 _bcbc _corignew _d3 _encip _f19 _gy-gencatlg |
||
| 942 |
_2ddc _cBK |
||
| 999 |
_c69047 _d69047 |
||